000 00556nam a2200181 4500
001 122056
003 ES-MaACL
005 20240419130147.0
007 t|
008 070214s1964 sp r ||||1| spa d
245 0 0 _aPoemas /
_crealizan y dirigen Guillermo Gudel y Luciano Gracia.
260 _aZaragoza :
_b[s. n.],
_c1964 (
_fGráf. Los Sitios)
300 _a20 h. ;
_c17 cm.
700 1 _aGudel, Guillermo.
_960385
700 0 _aGracía, Luciano,
_d1917-1986
_959462
852 _aES-MaACL
_j2051-F-17
_bR.54816
999 _c122056
_d122056